Statistiken für Wertvollste deutsche Marken

Klicken Sie hier um das Quiz zu spielen!

Allgemein

  • Dieses Quiz wurde 36.436 mal gespielt
  • Das Durchschnittsergebnis liegt bei 8 aus 10

Antwortstatistiken

Globaler RangBrancheMarke% Korrekt
8.AutomobilMercedes-Benz
95%
40.AutomobilVolkswagen
95%
11.AutomobilBMW
92%
83.PaketdienstDHL
92%
42.AutomobilAudi
88%
45.SportartikelAdidas
85%
50.AutomobilPorsche
76%
43.VersicherungAllianz
56%
20.SoftwareSAP
44%
58.TechnologieSiemens
34%

Verteilung der Resultate

Perzentil nach korrekt beantworteten Fragen

Anzahl Personen mit jedem Resultat

Ihre Resultats-Entwicklung

Sie haben dieses Quiz noch nicht gespielt